|
|
|
|
| LEADER |
00000nam0a2200000 4500 |
| 001 |
43440 |
| 005 |
20231031020323.0 |
| 035 |
|
|
|a (RuTPU)RU\TPU\book\44922
|
| 090 |
|
|
|a 43440
|
| 100 |
|
|
|a 20021009d1987 k y0rusy50 ca
|
| 101 |
0 |
|
|a rus
|
| 102 |
|
|
|a RU
|
| 105 |
|
|
|a y z 001zy
|
| 200 |
1 |
|
|a Расчет на ЭВМ температурных полей в твердых телах с подвижными границами
|f Под ред. Е. Ф. Мосина
|
| 210 |
|
|
|a Ленинград
|c Изд-во ЛГУ
|d 1987
|
| 215 |
|
|
|a 222 с.
|
| 320 |
|
|
|a Библиогр.: с. 156-158.
|
| 610 |
1 |
|
|a физика
|
| 610 |
1 |
|
|a твердые тела
|
| 610 |
1 |
|
|a температурные поля
|
| 610 |
1 |
|
|a расчеты
|
| 610 |
1 |
|
|a ЭВМ
|
| 610 |
1 |
|
|a теплофизические расчеты
|
| 610 |
1 |
|
|a программное обеспечение
|
| 610 |
1 |
|
|a программы
|
| 610 |
1 |
|
|a теплопроводность
|
| 610 |
1 |
|
|a алгоритмизация
|
| 610 |
1 |
|
|a программный комплекс
|
| 675 |
|
|
|a 536.21
|v 3
|
| 702 |
|
1 |
|a Мосин
|b Е. Ф.
|4 340
|
| 801 |
|
1 |
|a RU
|b 63413507
|c 20021009
|g PSBO
|
| 801 |
|
2 |
|a RU
|b 63413507
|c 20141003
|g PSBO
|
| 942 |
|
|
|c BK
|